| 000 | 00525nam a2200181Ia 4500 | ||
|---|---|---|---|
| 003 | GCL | ||
| 008 | 140319s9999 xx 000 0 ara d | ||
| 040 |
_aGCL / _cGCL |
||
| 082 | 0 | 4 |
_a153 _bم ك |
| 100 | 1 | _aمحمد بدرالدين خليل | |
| 245 | 1 | 0 |
_aكيف تقاوم القلق / _cمحمد بدرالدين خليل |
| 260 |
_a[S.N] : _bدار المعارف ، _c1986 |
||
| 300 | _a165 | ||
| 490 |
_aاضواء على حياتك _v0 |
||
| 650 | 0 | 4 | _aعلم النفس |
| 650 | 0 | 4 | _aالقلق |
| 942 |
_2ddc _cBK |
||
| 999 |
_c54060 _d54060 |
||